Statistics for Countries Visiting The Gambia the Most

Click here to take the quiz!

General Stats

  • This quiz has been taken 65 times
  • The average score is 8 of 10

Answer Stats

No.Visitors#Country% Correct
60,4241United Kingdom
97%
2,07310France
95%
4,0588United States
94%
7,0765Germany
90%
4,2807Spain
79%
8,6573Nigeria
68%
19,8172Netherlands
63%
8,1074Sweden
59%
5,8026Belgium
59%
2,0849Ireland
52%

Score Distribution

Percentile by Number Answered

Percent of People with Each Score

Your Score History

You have not taken this quiz